| 000 | 01205nmc a2200409 a 4500 | ||
|---|---|---|---|
| 003 | AR-BaBNM | ||
| 005 | 20251128202746.0 | ||
| 008 | 285020s1995 ||||||||||||||000 | spa|| | ||
| 020 | _a987-9069-09-9 | ||
| 040 | _cAR-BaBNM | ||
| 100 | 1 | _aBertoni, Lilia Ana | |
| 245 | 1 | 0 | _aLa Argentina se organiza |
| 260 |
_aBuenos Aires _bGramón-Colihue _c1995 |
||
| 300 | 0 | _a63 p. | |
| 490 | 0 |
_aUna historia argentina _vv. 8 |
|
| 521 | _aSECUNDARIO | ||
| 600 | 1 | 4 |
_aMitre, Bartolomé _d1862-1868 |
| 650 | 4 | _aENSENANZA DE LA HISTORIA | |
| 650 | 4 | _aPERIODO INDEPENDIENTE | |
| 650 | 4 | _aORGANIZACION NACIONAL | |
| 650 | 4 | _aBATALLA DE CASEROS | |
| 650 | 4 | _aPRONUNCIAMIENTO DE URQUIZA | |
| 650 | 4 | _aGUERRA DEL PARAGUAY | |
| 650 | 4 | _aHISTORIA PROVINCIAL ARGENTINA | |
| 650 | 4 | _aCONQUISTA DEL DESIERTO | |
| 650 | 4 | _aHISTORIA DE BUENOS AIRES | |
| 650 | 4 | _aCONGRESO CONSTITUYENTE DE 1853 | |
| 650 | 4 | _aCONFEDERACION ARGENTINA | |
| 650 | 4 | _aHISTORIA CONSTITUCIONAL | |
| 650 | 4 | _aGUERRAS CIVILES ARGENTINAS | |
| 651 | 4 | _aArgentina | |
| 700 | 1 | _aRomero, Luis Alberto | |
| 700 | 1 |
_aMontes, Graciela _ecolaborador |
|
| 700 | 1 |
_aSchlaen, Carlos _eilustrador |
|
| 942 | _cBK | ||
| 998 | _cmaria eugenia | ||
| 999 |
_c436 _d436 |
||